书目信息 |
| 题名: |
趣解魔方
|
|
| 作者: | 谭曙光 著 | |
| 分册: | ||
| 出版信息: | 北京 北京体育大学出版社 2000 |
|
| 页数: | 214页 | |
| 开本: | 21cm | |
| 丛书名: | ||
| 单 册: | ||
| 中图分类: | G898.2 | |
| 科图分类: | ||
| 主题词: | 智力游戏 | |
| 电子资源: | ||
| ISBN: | 7-81051-504-7 | |
| 000 | 00529nam0 2200193 45 | |
| 001 | 0405191550 | |
| 005 | 20040519155112.8 | |
| 010 | @a7-81051-504-7@dCNY10.00 | |
| 100 | @a20040519d2000 km y0chiy0120 ea | |
| 101 | 0 | @achi |
| 105 | @aa z 000yy | |
| 200 | 1 | @a趣解魔方@AQu Jie Mo Fang@f谭曙光著@FTan Shu Guang Zhu |
| 210 | @a北京@c北京体育大学出版社@d2000 | |
| 215 | @a214页@c图@d21cm | |
| 606 | 0 | @a智力游戏 |
| 690 | @aG898.2@v4 | |
| 701 | 0 | @a谭曙光@4著 |
| 801 | @aCN@bPftUser@c20040519 | |
| 905 | @b333230-234@dG898.2@e179@f5 | |
| 趣解魔方/谭曙光著.-北京:北京体育大学出版社,2000 |
| 214页:图;21cm |
| ISBN 7-81051-504-7:CNY10.00 |
| ● |
| 相关链接 |
|
|
|
|
正题名:趣解魔方
索取号:G898.2/179
 
预约/预借
| 序号 | 登录号 | 条形码 | 馆藏地/架位号 | 状态 | 备注 |
| 1 | 0333230 | 203332303 | 第四借阅区/ [索取号:G898.2/179] | 在馆 | |
| 2 | 0333231 | 203332312 | 第四借阅区/ [索取号:G898.2/179] | 在馆 | |
| 3 | 0333232 | 203332321 | 第四借阅区/ [索取号:G898.2/179] | 在馆 | |
| 4 | 0333233 | 203332330 | 第四借阅区/ [索取号:G898.2/179] | 在馆 | |
| 5 | 0333234 | 203332349 | 第一样本阅览室/ [索取号:G898.2/179] | 在馆 |